Účtová třída 3 - zúčtovací vztahy v účtové osnově pro politické strany, hnutí, občanská sdružení a jiné nevýdělečné organizace od roku 1993.

Podrobný popis jednotlivých častí účtovnej triedy 3. Príklad účtovania dotácií, poskytnutých zo štátneho rozpočtu, alebo z rozpočtu orgánov miestnej samosprávy. Článok doplňuje článok "Zúčtovací vztahy v účtové osnově pro podnikatele" z čísla 9/92 tak, aby sa vzťahoval aj na účtovníctvo občianskych...

Descripción completa

Guardado en:
Detalles Bibliográficos
Autor principal: Tuček, V.
Formato: Capítulo de libro
Lenguaje:checo
Materias:
Etiquetas: Agregar Etiqueta
Sin Etiquetas, Sea el primero en etiquetar este registro!

MARC

LEADER 00000naa a2200000 4500
001 r012146
005 20220826094403.1
041 0 |a cze 
044 |a CZ 
245 1 0 |a Účtová třída 3 - zúčtovací vztahy v účtové osnově pro politické strany, hnutí, občanská sdružení a jiné nevýdělečné organizace od roku 1993.  |c V. Tuček 
520 |a Podrobný popis jednotlivých častí účtovnej triedy 3. Príklad účtovania dotácií, poskytnutých zo štátneho rozpočtu, alebo z rozpočtu orgánov miestnej samosprávy. Článok doplňuje článok "Zúčtovací vztahy v účtové osnově pro podnikatele" z čísla 9/92 tak, aby sa vzťahoval aj na účtovníctvo občianskych združení. 
610 2 0 |a osnova účtová 
610 2 0 |a strany politické 
610 2 0 |a hnutie spoločenské 
610 2 0 |a organizácie neziskové 
610 2 0 |a ČSFR 
610 2 0 |a 1993 
610 2 0 |a Čechy 
610 2 0 |a zúčtovanie 
610 2 0 |a účtovníctvo 
610 2 0 |a dotácie 
100 1 |a Tuček, V.